Code for the Construction and Equipment of Mobile Offshore Drilling Units : consolidated edition, 2001. (Record no. 3324)
[ view plain ]
| 000 -LEADER | |
|---|---|
| fixed length control field | 00387nam a2200145Ia 4500 |
| 008 - FIXED-LENGTH DATA ELEMENTS--GENERAL INFORMATION | |
| fixed length control field | 200103s9999||||xx |||||||||||||| ||und|| |
| 020 ## - INTERNATIONAL STANDARD BOOK NUMBER | |
| International Standard Book Number | 9280151096 |
| 082 ## - DEWEY DECIMAL CLASSIFICATION NUMBER | |
| Classification number | Column-5 |
| 100 ## - MAIN ENTRY--PERSONAL NAME | |
| Personal name | IMO |
| 245 #0 - TITLE STATEMENT | |
| Title | Code for the Construction and Equipment of Mobile Offshore Drilling Units : consolidated edition, 2001. |
| 260 ## - PUBLICATION, DISTRIBUTION, ETC. (IMPRINT) | |
| Name of publisher, distributor, etc | IMO |
| Date of publication, distribution, etc | 2001 |
| 300 ## - PHYSICAL DESCRIPTION | |
| Extent | 140 |
| 942 ## - ADDED ENTRY ELEMENTS (KOHA) | |
| Item type | Books |
No items available.


